书目信息 |
| 题名: |
现代物流管理概论
|
|
| 作者: | 周兴建 , 蔡丽华 主编 | |
| 分册: | ||
| 出版信息: | 中国纺织出版社 2016.07 |
|
| 页数: | 402页 | |
| 开本: | 20cm | |
| 丛书名: | ||
| 单 册: | ||
| 中图分类: | F252-43 | |
| 科图分类: | ||
| 主题词: | 物资经济 | |
| 电子资源: | ||
| ISBN: | 978-7-5180-2565-7 | |
| 000 | 00596nam0 2200193 45 | |
| 001 | 2055343522 | |
| 005 | 20201103152340.27 | |
| 010 | @a978-7-5180-2565-7@dRMB 59.80 | |
| 100 | @a20201103d2016 km y0chiy0120 ea | |
| 101 | 0 | @achi |
| 200 | 1 | @a现代物流管理概论@Axian dai wu liu guan li gai lun@f周兴建, 蔡丽华主编@Fzhou xing jian,cai li hua zhu bian |
| 210 | @c中国纺织出版社@d2016.07 | |
| 215 | @a402页@d20cm | |
| 606 | 0 | @a物资经济 |
| 690 | @aF252-43@v4 | |
| 701 | 0 | @a周兴建@Azhou xing jian@4主编 |
| 701 | 0 | @a蔡丽华@Acai li hua@4主编 |
| 801 | 0 | @aCN@bPFT@c20201103 |
| 905 | @a10447@dF252-43@eZ802 | |
| 现代物流管理概论/周兴建, 蔡丽华主编.-中国纺织出版社,2016.07 |
| 402页;20cm |
| ISBN 978-7-5180-2565-7:RMB 59.80 |
| ● |
| 相关链接 |
|
|
|
正题名:现代物流管理概论
索取号:F252-43/Z802
 
预约/预借
| 序号 | 登录号 | 条形码 | 馆藏地/架位号 | 状态 | 备注 |
| 1 | 1501618 | 215016186 | 社科库409/409社科库 80排4列5层/ [索取号:F252-43/Z802] | 在馆 |